000 00688nam a2200217 a 4500
001 000023206
005 20200930022046.0
008 101130s1995 pe ac r 000 0 spa d
020 _a848389615X
040 _aDO-SdBNP
_bspa
_cBNPHU
082 _a920.5
_bF315V
100 1 _aVarillas Montenegro, Alberto,
_d1934-
_947773
245 1 0 _aFelipe Pardo y Aliaga /
_cAlberto Varillas Montenegro.
260 _aLima, Perú :
_bBrasa,
_c1995.
300 _a124, [4] p. :
_bil., retrs. ;
_c21 cm.
490 1 _aForjadores del Perú
_v15
600 1 0 _aPARDO ALIAGA, FELIPE
_d1806-1868
_947774
650 4 _aPeriodista
_zPerú
_947775
830 0 _aForjadores del Perú ;
_v15
_932959
049 _aBNGR
999 _c22703
_d22703